| 000 | 00871nmc a2200313 a 4500 | ||
|---|---|---|---|
| 003 | AR-BaBNM | ||
| 005 | 20251128204127.0 | ||
| 008 | 025019s1992 ||||||||||||||000 | spa|| | ||
| 020 | _a950-25-2626-0 | ||
| 040 | _cAR-BaBNM | ||
| 100 | 1 | _aHalperin Donghi, Tulio | |
| 245 | 1 | 0 | _aUna nación para el desierto argentino |
| 260 |
_aBuenos Aires _bCentro Editor de América Latina _c1992 |
||
| 300 | _a149 p. | ||
| 490 | 0 | _aBiblioteca básica Argentina. Serie B | |
| 600 | 1 | 4 |
_aSarmiento, Domingo Faustino _d1868-1874 |
| 650 | 4 | _aHISTORIA ARGENTINA | |
| 650 | 4 | _aHISTORIA POLITICA | |
| 650 | 4 | _aESTADO | |
| 650 | 4 | _aNACION | |
| 650 | 4 | _aGUERRAS CIVILES ARGENTINAS | |
| 650 | 4 | _aIDEOLOGIAS POLITICAS | |
| 650 | 4 | _aHISTORIOGRAFIA ARGENTINA | |
| 650 | 4 | _aHISTORIA CULTURAL | |
| 651 | 4 | _aArgentina | |
| 655 | _aLITERATURA | ||
| 942 | _cBK | ||
| 998 | _cCarmen | ||
| 999 |
_c6276 _d6276 |
||